[Event "IECC Swiss-461.3"]
[Site "IECC email"]
[Date "2004.02.17"]
[Round "?"]
[White "Stone, Stephan"]
[Black "Griffiths, John"]
[Result "1-0"]
[WhiteElo "1696"]
[BlackElo "1235"]
[PlyCount "89"]
[EventDate "2004.??.??"]
[EventType "swiss (corr)"]
[EventRounds "1"]
[SourceTitle "Corr 2020"]
[Source "ChessBase"]
[SourceDate "2019.09.30"]
[SourceVersion "1"]
[SourceVersionDate "2019.09.30"]
[SourceQuality "1"]
[WhiteTeam "South Africa"]
[BlackTeam "England"]
[WhiteTeamCountry "RSA"]
[BlackTeamCountry "ENG"]

1. e4 c5 2. Nf3 Nc6 3. d4 cxd4 4. Nxd4 Nf6 5. Nc3 d6 6. Bg5 e6 7. Bb5 Bd7 8. 0-0 Be7 9. Nxc6 Bxc6 10. Bxc6+ bxc6 11. Qf3 Qc7 12. Rad1 Rd8 13. Bf4 e5 14. Bg5 h6 15. Bh4 0-0 16. Rd2 Rd7 17. Rfd1 Rfd8 18. Rd3 g5 19. Bg3 g4 20. Qf5 Kg7 21. Bh4 Qb7 22. b3 Qb4 23. Rg3 h5 24. Bxf6+ Bxf6 25. Qxh5 Kf8 26. Qxg4 d5 27. Qf5 Qe7 28. Qh7 Qe6 29. exd5 cxd5 30. Na4 Qc6 31. Rc3 Qb5 32. Rf3 Ke7 33. Qf5 Rd6 34. Re1 Re6 35. g4 Qa5 36. Rd1 Rg8 37. Nc3 d4 38. Ne4 Rg6 39. g5 Qc7 40. Kh1 Qxc2 41. gxf6+ Kd8 42. Re1 Qc6 43. Rg1 Rxg1+ 44. Kxg1 Re8 45. Ng5 1-0

[Event "IECC KO email"]
[Site "IECC email"]
[Date "2003.03.24"]
[Round "?"]
[White "Griffiths, John"]
[Black "Mauro, Guido"]
[Result "1/2-1/2"]
[WhiteElo "1216"]
[BlackElo "1396"]
[PlyCount "142"]
[EventDate "2003.??.??"]
[EventType "tourn (corr)"]
[EventRounds "6"]
[SourceTitle "Corr 2008"]
[Source "ChessBase"]
[SourceDate "2008.06.24"]
[SourceVersion "1"]
[SourceVersionDate "2008.06.24"]
[SourceQuality "1"]

1. e4 e5 2. Nf3 Nf6 3. Nxe5 d6 4. Nf3 Nxe4 5. d4 d5 6. Bd3 Be7 7. 0-0 Nc6 8. c4 Nb4 9. cxd5 Nxd3 10. Qxd3 Qxd5 11. Nc3 Nxc3 12. bxc3 Be6 13. Re1 0-0 14. c4 Qd7 15. d5 Bf5 16. Qd4 c5 17. dxc6 Qxd4 18. Nxd4 Bf6 19. Be3 Bxd4 20. Bxd4 bxc6 21. h3 Be6 22. c5 Rfd8 23. Bc3 Rd3 24. Bb2 h6 25. a3 Rad8 26. Kh2 Rd2 27. Be5 R8d5 28. Bg3 Rxc5 29. f3 Rcc2 30. Rg1 Bd5 31. Be1 Re2 32. Kg3 g5 33. Bb4 f5 34. h4 f4+ 35. Kg4 Rxg2+ 36. Rxg2 Rxg2+ 37. Kf5 Bxf3 38. hxg5 hxg5 39. Be7 Bd5 40. Bxg5 f3 41. Rf1 Kf7 42. Be3 a6 43. Bd4 Re2 44. Bc5 Ke8 45. Bd4 Kd7 46. Kf4 Kd6 47. Be3 c5 48. Rf2 Rxf2 49. Bxf2 c4 50. Ke3 Ke5 51. a4 Bc6 52. a5 Be4 53. Be1 Kd5 54. Bb4 Ke5 55. Bc3+ Kf5 56. Be1 Bc6 57. Bc3 Kg4 58. Be1 Bb7 59. Bf2 Kh3 60. Be1 Kg2 61. Bh4 c3 62. Kd3 f2 63. Bxf2 Kxf2 64. Kxc3 Ke3 65. Kc4 Ke4 66. Kc5 Kd3 67. Kb4 Kd4 68. Kb3 Kc5 69. Ka4 Bc6+ 70. Ka3 Kb5 71. Kb3 Kxa5 1/2-1/2

[Event "IECC Swiss email"]
[Site "IECC email"]
[Date "2003.02.07"]
[Round "?"]
[White "Griffiths, John"]
[Black "Bland, David"]
[Result "1-0"]
[WhiteElo "1219"]
[BlackElo "1655"]
[PlyCount "23"]
[EventDate "2003.??.??"]
[EventType "tourn (corr)"]
[EventRounds "6"]
[SourceTitle "Corr 2008"]
[Source "ChessBase"]
[SourceDate "2008.06.24"]
[SourceVersion "1"]
[SourceVersionDate "2008.06.24"]
[SourceQuality "1"]

1. e4 c6 2. d4 d5 3. Nc3 dxe4 4. Nxe4 Nf6 5. Nxf6+ gxf6 6. c3 Bf5 7. Bc4 e6 8. Nf3 Bd6 9. Nh4 Bg6 10. 0-0 Nd7 11. Re1 Qc7 12. g3 1-0

[Event "IECC CL7-2003.02 email"]
[Site "IECC email"]
[Date "2003.01.13"]
[Round "?"]
[White "Cieslak, Brian"]
[Black "Griffiths, John"]
[Result "0-1"]
[WhiteElo "1034"]
[BlackElo "1210"]
[PlyCount "58"]
[EventDate "2003.??.??"]
[EventType "tourn (corr)"]
[EventRounds "4"]
[SourceTitle "Corr 2008"]
[Source "ChessBase"]
[SourceDate "2008.06.24"]
[SourceVersion "1"]
[SourceVersionDate "2008.06.24"]
[SourceQuality "1"]

1. e4 c5 2. Nf3 Nc6 3. d4 cxd4 4. Nxd4 Nf6 5. c4 Nxe4 6. Qe2 Qa5+ 7. Bd2 Nxd2 8. Qxd2 Qxd2+ 9. Nxd2 Nxd4 10. Bd3 e5 11. 0-0 Bb4 12. Nb3 Nxb3 13. axb3 0-0 14. f4 exf4 15. Rxf4 Rd8 16. Raf1 f6 17. Re4 Bc5+ 18. Kh1 d5 19. Rh4 h6 20. cxd5 Rxd5 21. Bc4 Be6 22. b4 Bf8 23. Bxd5 Bxd5 24. Rd4 Bc6 25. Rfd1 Be7 26. h3 Kf7 27. Kh2 f5 28. g3 Bf6 29. Rc1 Bxd4 0-1

[Event "IECC CL7-2003.02 email"]
[Site "IECC email"]
[Date "2003.01.13"]
[Round "?"]
[White "Cola, Marco"]
[Black "Griffiths, John"]
[Result "0-1"]
[WhiteElo "1082"]
[BlackElo "1248"]
[PlyCount "86"]
[EventDate "2003.??.??"]
[EventType "tourn (corr)"]
[EventRounds "4"]
[SourceTitle "Corr 2008"]
[Source "ChessBase"]
[SourceDate "2008.06.24"]
[SourceVersion "1"]
[SourceVersionDate "2008.06.24"]
[SourceQuality "1"]

1. d4 Nf6 2. c4 g6 3. Nc3 Bg7 4. Nf3 0-0 5. e4 d6 6. Be2 c6 7. 0-0 e6 8. e5 dxe5 9. dxe5 Ng4 10. Bf4 Qc7 11. Qd6 Qd7 12. Ng5 Qxd6 13. exd6 e5 14. Bd2 c5 15. Nd5 Nc6 16. Ne4 Nh6 17. Nxc5 f5 18. d7 b6 19. dxc8Q Raxc8 20. Ne6 Rfe8 21. Ndc7 Re7 22. Bxh6 Bxh6 23. c5 bxc5 24. Bc4 Kh8 25. Na6 Nd4 26. Naxc5 Nxe6 27. Bxe6 Rxc5 28. Bb3 Bg7 29. Rad1 Re8 30. Rd7 Bh6 31. Rxa7 Rd8 32. Be6 Rd2 33. b4 Rc6 34. Bd7 Rb6 35. b5 e4 36. Re1 Rbd6 37. Bc8 Rd1 38. Kf1 R1d2 39. a4 Rc2 40. Bb7 Rdd2 41. g4 Rxf2+ 42. Kg1 Rg2+ 43. Kf1 Rcf2# 0-1

[Event "IECC CL7-2003.08 email"]
[Site "IECC email"]
[Date "2003.??.??"]
[Round "?"]
[White "Ballueder, Volker"]
[Black "Griffiths, John"]
[Result "0-1"]
[WhiteElo "965"]
[BlackElo "1204"]
[PlyCount "96"]
[EventDate "2003.??.??"]
[EventType "tourn (corr)"]
[EventRounds "4"]
[SourceTitle "Corr 2008"]
[Source "ChessBase"]
[SourceDate "2008.06.24"]
[SourceVersion "1"]
[SourceVersionDate "2008.06.24"]
[SourceQuality "1"]

1. e4 c5 2. Nc3 Nc6 3. Bb5 Nd4 4. Nf3 Nxb5 5. Nxb5 d6 6. 0-0 Nf6 7. d3 g6 8. Bg5 Bg7 9. c4 a6 10. Nc3 0-0 11. Nd5 Nxd5 12. cxd5 Bxb2 13. Bh6 Re8 14. Rb1 Bg7 15. Bxg7 Kxg7 16. Re1 e5 17. h3 b5 18. a4 b4 19. g4 f6 20. Qd2 Bb7 21. g5 f5 22. h4 f4 23. Rec1 Rc8 24. Rc2 a5 25. Qe2 Ba6 26. Nd2 Qd7 27. Ra1 Qh3 28. Nf3 Rb8 29. Rb2 Bc8 30. Qf1 Qxf3 31. Kh2 Qg4 32. f3 Qxh4+ 33. Kg1 Qxg5+ 34. Rg2 Qf6 35. Rh2 h5 36. Qf2 Rh8 37. Kf1 Ba6 38. Ke2 Rb7 39. Kd2 Qd8 40. Qg2 b3 41. Rg1 Qe8 42. Qf2 Qxa4 43. Qh4 Qd4 44. Qg5 Qxd3+ 45. Ke1 Qb1+ 46. Kf2 Qc2+ 47. Ke1 Qc1+ 48. Kf2 Qd2# 0-1

[Event "IECC CL7-2002.26"]
[Site "IECC email"]
[Date "2002.12.07"]
[Round "?"]
[White "Spol, Chris"]
[Black "Griffiths, John"]
[Result "1/2-1/2"]
[WhiteElo "1138"]
[BlackElo "1118"]
[PlyCount "35"]
[EventDate "2002.??.??"]
[EventType "tourn (corr)"]
[EventRounds "4"]
[SourceTitle "Corr 2008"]
[Source "ChessBase"]
[SourceDate "2008.06.24"]
[SourceVersion "1"]
[SourceVersionDate "2008.06.24"]
[SourceQuality "1"]

1. e4 c5 2. Nf3 Nc6 3. d4 cxd4 4. Nxd4 Nf6 5. Nc3 d6 6. Bb5 Bd7 7. 0-0 g6 8. Nxc6 Bxc6 9. Bd2 Bxb5 10. Nxb5 Nxe4 11. Re1 Qb6 12. Rxe4 Qxb5 13. Rb4 Qd7 14. Qf3 Rb8 15. Bc3 e5 16. Qd5 Bg7 17. Rd1 Ke7 18. Rc4 1/2-1/2

[Event "IECC CL7-2002.24"]
[Site "IECC email"]
[Date "2002.11.07"]
[Round "?"]
[White "Griffiths, John"]
[Black "Chedid, Rafael Antonio"]
[Result "1-0"]
[WhiteElo "1105"]
[BlackElo "1043"]
[PlyCount "41"]
[EventDate "2002.??.??"]
[EventType "tourn (corr)"]
[EventRounds "4"]
[SourceTitle "Corr 2008"]
[Source "ChessBase"]
[SourceDate "2008.06.24"]
[SourceVersion "1"]
[SourceVersionDate "2008.06.24"]
[SourceQuality "1"]

1. e4 c5 2. Nf3 d6 3. d4 cxd4 4. Nxd4 Nf6 5. Nc3 a6 6. Be2 Nbd7 7. 0-0 Nc5 8. Bf3 e6 9. a3 Be7 10. Re1 0-0 11. e5 dxe5 12. Rxe5 Bd6 13. Re1 Qc7 14. g3 Rb8 15. Ndb5 axb5 16. Nxb5 Qb6 17. Qxd6 Qxd6 18. Nxd6 Bd7 19. b4 Na4 20. Nxb7 Rfc8 21. Bf4 1-0

[Event "IECC CL7-2002.24"]
[Site "IECC email"]
[Date "2002.11.07"]
[Round "?"]
[White "Jensen, Jeff"]
[Black "Griffiths, John"]
[Result "0-1"]
[WhiteElo "1223"]
[BlackElo "1141"]
[PlyCount "96"]
[EventDate "2002.??.??"]
[EventType "tourn (corr)"]
[EventRounds "4"]
[SourceTitle "Corr 2008"]
[Source "ChessBase"]
[SourceDate "2008.06.24"]
[SourceVersion "1"]
[SourceVersionDate "2008.06.24"]
[SourceQuality "1"]

1. d4 Nf6 2. c4 g6 3. Nc3 Bg7 4. Nf3 0-0 5. Bg5 h6 6. Bh4 d6 7. e3 Nbd7 8. Bd3 c6 9. 0-0 a6 10. Qc2 b6 11. Rac1 Bb7 12. Rfe1 c5 13. d5 Nh5 14. Ne4 Qe8 15. Ng3 Ndf6 16. Nxh5 Nxh5 17. Qb3 g5 18. Bg3 Nxg3 19. hxg3 b5 20. Nd2 Rb8 21. Qc2 Ba8 22. b3 e6 23. e4 b4 24. Nf3 Qe7 25. Qe2 Bc3 26. Nh2 Bxe1 27. Rxe1 Kg7 28. Qb2+ e5 29. Ng4 Bb7 30. Ne3 Bc8 31. f4 f6 32. fxg5 hxg5 33. Qf2 Bd7 34. Nf5+ Bxf5 35. Qxf5 Rh8 36. Be2 Rh6 37. Bg4 Rbh8 38. Bh3 Kf8 39. Qc8+ Kg7 40. Qxa6 Rxh3 41. gxh3 Qd7 42. Kf2 Qxh3 43. Rg1 Qg4 44. Qxd6 Qxe4 45. Qe7+ Kg6 46. Kf1 Qb1+ 47. Kf2 Rh2+ 48. Kf3 Qd3+ 0-1

[Event "IECC CL7-2002.20"]
[Site "IECC email"]
[Date "2002.09.14"]
[Round "?"]
[White "DuNard, Philip"]
[Black "Griffiths, John"]
[Result "1-0"]
[WhiteElo "1060"]
[BlackElo "1123"]
[PlyCount "63"]
[EventDate "2002.??.??"]
[EventType "tourn (corr)"]
[EventRounds "4"]
[SourceTitle "Corr 2008"]
[Source "ChessBase"]
[SourceDate "2008.06.24"]
[SourceVersion "1"]
[SourceVersionDate "2008.06.24"]
[SourceQuality "1"]

1. d4 Nf6 2. c4 g6 3. Nc3 Bg7 4. e4 d6 5. Be2 Nbd7 6. Bg5 0-0 7. Nf3 e5 8. dxe5 Nxe5 9. Nxe5 dxe5 10. Qxd8 Rxd8 11. Nd5 Rd6 12. Nxc7 Rb8 13. Bxf6 Bxf6 14. Nd5 Bd8 15. 0-0 Be6 16. Rfd1 Rc8 17. Nf6+ Bxf6 18. Rxd6 Kg7 19. Rc1 Be7 20. Rdd1 a5 21. b3 Bc5 22. h3 h5 23. g4 hxg4 24. Bxg4 Kf6 25. Bxe6 Kxe6 26. Kg2 Bd4 27. f4 Be3 28. fxe5 Bxc1 29. Rxc1 Kxe5 30. Rd1 Rc7 31. Kf3 f6 32. Rd5+ 1-0

[Event "IECC CL7-2002.20"]
[Site "IECC email"]
[Date "2002.09.14"]
[Round "?"]
[White "Marraro, Vincenzo"]
[Black "Griffiths, John"]
[Result "1-0"]
[WhiteElo "1170"]
[BlackElo "1137"]
[PlyCount "35"]
[EventDate "2002.??.??"]
[EventType "tourn (corr)"]
[EventRounds "4"]
[SourceTitle "Corr 2008"]
[Source "ChessBase"]
[SourceDate "2008.06.24"]
[SourceVersion "1"]
[SourceVersionDate "2008.06.24"]
[SourceQuality "1"]

1. e4 c5 2. Nf3 Nc6 3. d4 cxd4 4. Nxd4 d6 5. Nc3 Nf6 6. Bc4 e6 7. f4 e5 8. Nxc6 bxc6 9. fxe5 Bg4 10. Qd4 c5 11. Qd3 dxe5 12. Bg5 Bd7 13. 0-0-0 Be7 14. Bxf6 a6 15. Qd5 Be6 16. Qc6+ Bd7 17. Rxd7 Qxd7 18. Bxf7+ 1-0

[Event "IECC CL8-2002.07"]
[Site "IECC email"]
[Date "2002.06.27"]
[Round "?"]
[White "Rellias, Paul V"]
[Black "Griffiths, John"]
[Result "0-1"]
[WhiteElo "790"]
[BlackElo "1094"]
[PlyCount "73"]
[EventDate "2002.??.??"]
[EventType "tourn (corr)"]
[EventRounds "4"]
[SourceTitle "Corr 2008"]
[Source "ChessBase"]
[SourceDate "2008.06.24"]
[SourceVersion "1"]
[SourceVersionDate "2008.06.24"]
[SourceQuality "1"]

1. d4 Nf6 2. e3 e6 3. Nc3 d6 4. e4 Nc6 5. Bg5 Be7 6. Nf3 0-0 7. Bb5 Bd7 8. 0-0 a6 9. Bc4 b6 10. Bd3 Nb4 11. Be2 c5 12. d5 exd5 13. exd5 a5 14. a3 Na6 15. Ne4 Nxe4 16. Bf4 Nc7 17. Bd3 Nf6 18. Bg5 Bg4 19. a4 Nfxd5 20. b3 Bxg5 21. Be4 Bf6 22. Rb1 Nc3 23. Qc1 Ne2+ 24. Kh1 Nxc1 25. Rbxc1 Ra7 26. h3 Re8 27. Bc6 Bxf3 28. Bxf3 Ne6 29. Bc6 Ree7 30. c3 Nf4 31. g3 Nxh3 32. f3 Qc8 33. Bb5 Ng5 34. f4 Qh3+ 35. Kg1 Qxg3+ 36. Kh1 Nf3 37. Rxf3 0-1

[Event "IECC CL7-2002.12"]
[Site "IECC email"]
[Date "2002.04.24"]
[Round "?"]
[White "Phillips, David A"]
[Black "Griffiths, John"]
[Result "1/2-1/2"]
[WhiteElo "1169"]
[BlackElo "1058"]
[PlyCount "93"]
[EventDate "2002.??.??"]
[EventType "tourn (corr)"]
[EventRounds "4"]
[SourceTitle "Corr 2008"]
[Source "ChessBase"]
[SourceDate "2008.06.24"]
[SourceVersion "1"]
[SourceVersionDate "2008.06.24"]
[SourceQuality "1"]

1. d4 Nf6 2. c4 g6 3. Nc3 Bg7 4. Nf3 0-0 5. e4 d6 6. Be2 e5 7. d5 Bg4 8. Bg5 Nbd7 9. h3 Bxf3 10. Bxf3 a6 11. 0-0 Re8 12. Rb1 Nb6 13. b3 Qd7 14. Bxf6 Bxf6 15. Qd2 c5 16. dxc6 bxc6 17. Rfd1 Rad8 18. Bg4 Qc7 19. Rb2 Kg7 20. Qe3 h6 21. Rbd2 Bg5 22. Qf3 Bxd2 23. Rxd2 Qe7 24. Qe3 Nd7 25. Bxd7 Qxd7 26. Qb6 Ra8 27. f3 Reb8 28. Qe3 Qe7 29. Kh2 Ra7 30. f4 exf4 31. Qxf4 Qe5 32. Qxe5+ dxe5 33. Rd6 Rc7 34. Na4 Rbb7 35. Nc5 Ra7 36. g4 g5 37. Kg3 Ra8 38. a3 a5 39. Nd3 Re8 40. Nc5 Ree7 41. a4 Rc8 42. Rd3 Kg6 43. Rd6+ Kg7 44. h4 Kh7 45. Nd7 Kg7 46. Nc5 Rcc7 47. Na6 1/2-1/2

[Event "IECC CL7-2002.12"]
[Site "IECC email"]
[Date "2002.04.24"]
[Round "?"]
[White "Pool, Theo"]
[Black "Griffiths, John"]
[Result "0-1"]
[WhiteElo "1055"]
[BlackElo "1063"]
[PlyCount "66"]
[EventDate "2002.??.??"]
[EventType "tourn (corr)"]
[EventRounds "4"]
[SourceTitle "Corr 2008"]
[Source "ChessBase"]
[SourceDate "2008.06.24"]
[SourceVersion "1"]
[SourceVersionDate "2008.06.24"]
[SourceQuality "1"]

1. e4 c5 2. Nf3 Nc6 3. Bc4 e6 4. 0-0 d6 5. c3 Nf6 6. d4 cxd4 7. cxd4 Nxe4 8. d5 Ne7 9. Re1 exd5 10. Bxd5 Nf6 11. Bb3 h6 12. Nc3 g6 13. Ne4 Nxe4 14. Rxe4 Bg7 15. Nd4 0-0 16. Nb5 Bf5 17. Re1 Nc8 18. Nd4 Ne7 19. Qf3 Bxd4 20. Bxh6 Re8 21. g4 Be6 22. Qd3 Qb6 23. Be3 Bxe3 24. Rxe3 Bxb3 25. axb3 Rad8 26. Qc3 Nd5 27. Rxe8+ Rxe8 28. Qg3 Nf6 29. h4 Re2 30. Rf1 Rxb2 31. Qc3 Rxf2 32. Rxf2 Qxf2+ 33. Kxf2 Ne4+ 0-1

[Event "IECG CF.2002.0.00020 email"]
[Site "IECG email"]
[Date "2002.03.15"]
[Round "?"]
[White "Perico, Antonio"]
[Black "Griffiths, John"]
[Result "1-0"]
[WhiteElo "953"]
[BlackElo "1000"]
[PlyCount "71"]
[EventDate "2002.03.15"]
[EventType "tourn (corr)"]
[EventRounds "6"]
[SourceTitle "Corr 2008"]
[Source "ChessBase"]
[SourceDate "2008.06.24"]
[SourceVersion "1"]
[SourceVersionDate "2008.06.24"]
[SourceQuality "1"]

1. d4 Nf6 2. Nf3 g6 3. c4 d6 4. Bf4 Bg7 5. h3 0-0 6. Nc3 e6 7. e3 Nc6 8. Be2 Re8 9. 0-0 a6 10. Qd2 Bd7 11. Rad1 Rc8 12. Bg5 Ne7 13. e4 Bc6 14. Qf4 Nh5 15. Qd2 Bf8 16. d5 exd5 17. exd5 Bd7 18. g4 Bg7 19. gxh5 Bxh3 20. hxg6 hxg6 21. Rfe1 Qd7 22. Nh2 Nf5 23. Bg4 Bxg4 24. Nxg4 Nd4 25. Rxe8+ Rxe8 26. Qf4 Ne2+ 27. Nxe2 Rxe2 28. Kf1 Be5 29. Nf6+ Bxf6 30. Bxf6 Qf5 31. Qxf5 gxf5 32. Kxe2 Kh7 33. Rg1 Kh6 34. Kf3 Kh5 35. Kf4 b6 36. Kxf5 1-0

[Event "IECG CF.2002.0.00020 email"]
[Site "IECG email"]
[Date "2002.03.15"]
[Round "?"]
[White "Van Niekerk, Jan"]
[Black "Griffiths, John"]
[Result "1-0"]
[WhiteElo "1000"]
[BlackElo "1000"]
[PlyCount "79"]
[EventDate "2002.03.15"]
[EventType "tourn (corr)"]
[EventRounds "6"]
[SourceTitle "Corr 2008"]
[Source "ChessBase"]
[SourceDate "2008.06.24"]
[SourceVersion "1"]
[SourceVersionDate "2008.06.24"]
[SourceQuality "1"]

1. e4 c5 2. c3 d5 3. exd5 Qxd5 4. d4 Nc6 5. Nf3 Bg4 6. Be2 cxd4 7. cxd4 e6 8. Nc3 Qd7 9. 0-0 Nf6 10. Ne5 Nxe5 11. dxe5 Qxd1 12. Bxd1 Bxd1 13. Rxd1 Ng4 14. Bf4 g6 15. h3 Nh6 16. Nb5 Rc8 17. Nd6+ Bxd6 18. exd6 Kd7 19. Bxh6 Rc6 20. Bf4 f6 21. Rd2 e5 22. Be3 a6 23. Rad1 Re8 24. Bh6 f5 25. Bg5 Rec8 26. Bf6 e4 27. Kf1 b5 28. Ke2 Rf8 29. Be7 Rf7 30. f3 exf3+ 31. Kxf3 Rc4 32. Bg5 Re4 33. Rc2 Rc4 34. Rxc4 bxc4 35. Be7 Rg7 36. Rd4 Rg8 37. Rxc4 Rc8 38. Rxc8 Kxc8 39. Kf4 Kd7 40. Kg5 1-0

[Event "IECC CL7-2002.08"]
[Site "IECC email"]
[Date "2002.03.12"]
[Round "?"]
[White "Copin, Jean Christophe"]
[Black "Griffiths, John"]
[Result "0-1"]
[WhiteElo "1101"]
[BlackElo "1012"]
[PlyCount "64"]
[EventDate "2002.??.??"]
[EventType "tourn (corr)"]
[EventRounds "4"]
[SourceTitle "Corr 2008"]
[Source "ChessBase"]
[SourceDate "2008.06.24"]
[SourceVersion "1"]
[SourceVersionDate "2008.06.24"]
[SourceQuality "1"]

1. e4 c5 2. Nf3 Nc6 3. d4 cxd4 4. Nxd4 Nf6 5. Nc3 d6 6. Bb5 Bd7 7. 0-0 e6 8. f4 Be7 9. e5 dxe5 10. fxe5 Nxe5 11. Qe2 Ng6 12. Bf4 Bc5 13. Rad1 Bxd4+ 14. Rxd4 Nxf4 15. Rdxf4 a6 16. Bxd7+ Qxd7 17. Ne4 Nxe4 18. Rxf7 Qd4+ 19. Kh1 Ng5 20. Qh5 Nxf7 21. Qxf7+ Kd8 22. Qxe6 Re8 23. Qf7 b5 24. Qf3 Qe4 25. Rd1+ Kc7 26. Qc3+ Qc6 27. Qxg7+ Kb6 28. Qd4+ Kb7 29. h4 Re2 30. Qd7+ Qxd7 31. Rxd7+ Kc6 32. Rxh7 Rg8 0-1

[Event "IECC CL8-2002.03"]
[Site "IECC email"]
[Date "2002.02.25"]
[Round "?"]
[White "Chan, Julian M"]
[Black "Griffiths, John"]
[Result "0-1"]
[WhiteElo "975"]
[BlackElo "1179"]
[PlyCount "38"]
[EventDate "2002.??.??"]
[EventType "tourn (corr)"]
[EventRounds "4"]
[SourceTitle "Corr 2008"]
[Source "ChessBase"]
[SourceDate "2008.06.24"]
[SourceVersion "1"]
[SourceVersionDate "2008.06.24"]
[SourceQuality "1"]

1. e4 c5 2. Nf3 Nc6 3. Bb5 Qc7 4. 0-0 a6 5. Bc4 Nf6 6. Nc3 e6 7. d3 Be7 8. Be3 Ng4 9. Qd2 b5 10. Bf4 e5 11. Nxe5 Ncxe5 12. Nd5 Qd6 13. Qa5 Bd8 14. Qxb5 axb5 15. Bxb5 Bb7 16. d4 cxd4 17. f3 Bxd5 18. exd5 Qxd5 19. Rfe1 Qxb5 0-1

[Event "IECC CL8-2002.02"]
[Site "IECC email"]
[Date "2002.02.02"]
[Round "?"]
[White "Griffiths, John"]
[Black "Mitchell, TT."]
[Result "1-0"]
[WhiteElo "1000"]
[BlackElo "920"]
[PlyCount "59"]
[EventDate "2002.??.??"]
[EventType "tourn (corr)"]
[EventRounds "4"]
[SourceTitle "Corr 2008"]
[Source "ChessBase"]
[SourceDate "2008.06.24"]
[SourceVersion "1"]
[SourceVersionDate "2008.06.24"]
[SourceQuality "1"]

1. e4 e6 2. d4 d6 3. Nc3 Ne7 4. Nf3 h6 5. Be2 a6 6. 0-0 Nbc6 7. a3 d5 8. e5 Ng6 9. Re1 Be7 10. b4 b5 11. Bb2 Nh4 12. Nxh4 Bxh4 13. g3 Be7 14. Bf3 0-0 15. Ne2 f5 16. exf6 Rxf6 17. Nf4 a5 18. c3 Bd6 19. Nxe6 Bxe6 20. Rxe6 Rxe6 21. Bxd5 Bxg3 22. Bxe6+ Kh8 23. hxg3 Qd6 24. Qe2 Re8 25. d5 Na7 26. Qg4 a4 27. c4 Re7 28. Kg2 c6 29. Rh1 Kh7 30. Qf5+ 1-0